<?xml version="1.0" encoding="UTF-8"?><?xml-stylesheet type="text/xsl" href="static/style.xsl"?><OAI-PMH xmlns="http://www.openarchives.org/OAI/2.0/" xmlns:xsi="http://www.w3.org/2001/XMLSchema-instance" xsi:schemaLocation="http://www.openarchives.org/OAI/2.0/ http://www.openarchives.org/OAI/2.0/OAI-PMH.xsd"><responseDate>2026-04-29T12:47:33Z</responseDate><request verb="GetRecord" identifier="oai:uvadoc.uva.es:10324/76027" metadataPrefix="marc">https://uvadoc.uva.es/oai/request</request><GetRecord><record><header><identifier>oai:uvadoc.uva.es:10324/76027</identifier><datestamp>2025-06-19T19:05:52Z</datestamp><setSpec>com_10324_38</setSpec><setSpec>col_10324_852</setSpec></header><metadata><record xmlns="http://www.loc.gov/MARC21/slim" xmlns:doc="http://www.lyncode.com/xoai" xmlns:xsi="http://www.w3.org/2001/XMLSchema-instance" xmlns:dcterms="http://purl.org/dc/terms/" xsi:schemaLocation="http://www.loc.gov/MARC21/slim http://www.loc.gov/standards/marcxml/schema/MARC21slim.xsd">
<leader>00925njm 22002777a 4500</leader>
<datafield tag="042" ind1=" " ind2=" ">
<subfield code="a">dc</subfield>
</datafield>
<datafield tag="720" ind1=" " ind2=" ">
<subfield code="a">Rodríguez Neri, Jaime</subfield>
<subfield code="e">author</subfield>
</datafield>
<datafield tag="260" ind1=" " ind2=" ">
<subfield code="c">2024</subfield>
</datafield>
<datafield tag="520" ind1=" " ind2=" ">
<subfield code="a">Las consecuencias negativas del consumo de alcohol han causado que, desde el siglo pasado, se haya tratado de limitar su publicidad.&#xd;
La legislación de la publicidad de bebidas alcohólicas trata de balancear intereses generales, como la salud pública, con especial atención en cuanto a menores de edad; y los intereses particulares de las empresas comercializadoras.&#xd;
Además de una legislación que se ha ido adaptando a los avances tecnológicos, tiene una gran relevancia la autorregulación publicitaria de la cerveza, el vino y las bebidas espirituosas.&#xd;
Las empresas tratan de adaptarse a las modificaciones normativas, encontrando formas novedosas de aumentar su actividad publicitaria.</subfield>
</datafield>
<datafield tag="520" ind1=" " ind2=" ">
<subfield code="a">Due to the negative effects caused by alcohol consumption, it has been a goal to limit its advertising since the last century.&#xd;
Legislation about alcoholic beverages tries to balance general interests, such as public health, paying special attention to minors; and the distributors’ individual interests.&#xd;
Not only has there been an adaptation to technological progress by the legislation, but also autoregulation regarding beer, wine and spirituous drinks has been quite important.&#xd;
Businesses try to adapt to changes in regulation, finding original ways to increase their advertising activity.</subfield>
</datafield>
<datafield tag="024" ind2=" " ind1="8">
<subfield code="a">https://uvadoc.uva.es/handle/10324/76027</subfield>
</datafield>
<datafield tag="245" ind1="0" ind2="0">
<subfield code="a">La publicidad de las bebidas alcohólicas en España</subfield>
</datafield>
</record></metadata></record></GetRecord></OAI-PMH>